Analýza ekonomiky Holandska bakalárska práca

Saved in:
Bibliographic Details
Main Author: Almanová, Zlatica
Corporate Author: Fakulta medzinárodných vzťahov EU. Katedra medzinárodných ekonomických vzťahov a hospodárskej diplomacie
Other Authors: Raneta, Leonid, 1982-
Format: Book
Language:Slovak
Published: Bratislava 2021
Tags: Add Tag
No Tags, Be the first to tag this record!

MARC

LEADER 00000nbm a2200000 4500
001 0275398
005 20220222101236.9
041 0 |a slo 
044 |a SK 
245 1 0 |a Analýza ekonomiky Holandska  |b bakalárska práca  |c Zlatica Almanová ; školiteľ: Leonid Raneta 
264 1 |a Bratislava  |c 2021 
300 |a 49 s. 
100 1 |a Almanová, Zlatica 
700 1 |a Raneta, Leonid, 1982- 
710 2 |a Fakulta medzinárodných vzťahov EU. Katedra medzinárodných ekonomických vzťahov a hospodárskej diplomacie